000
00280nam a22001097a 4500
999
_c
167450
_d
167450
082
_a
_b
100
_a
Eladam N R
245
_a
Keral ki samaskriti par Keral ke lok geethom ka prabhav/
_c
by Eladam N R.
260
_a
Mathura:
_b
Jawahar Pustakalay,
_c
650
_a
942
_c
BK